00525nam a22002057a 450000500170000001000130001702000220003003500130005203700160006504000120008108200150009310000160010824500400012426000320016427000520019630000210024850000190026965000110028865000200029920170124110001.0 aA-799448 c70.00a8171672973 aA-799448 bCen Lib/Ret aDPLbEN a363.2bBAW aBawa, P. S. aSystem of policing /cby P. S. Bawa aCalcutta bRupa & Co.c1995 a15,Bankim Chatterjee street bCalcutta e700073 a138p. c19cm(Hb) aIncludes index zPolice aSystem analysis